| Tag |
First Indicator |
Second Indicator |
Subfields |
| LEADER |
00000cam a2200000 a 4500 |
| 001 |
in00002152608 |
| 006 |
m e d # |
| 007 |
cr mn mmmmabba |
| 008 |
840615s1766 nyu s 000 0 eng d |
| 005 |
20260331153306.5 |
| 035 |
|
|
|z w022673
|
| 035 |
|
|
|a MAAR8406151001B
|
| 035 |
|
|
|9 mwa91-15300
|
| 035 |
|
|
|a 324832
|
| 035 |
|
|
|a aas03022673
|
| 040 |
|
|
|a MWA
|c MWA
|e bdrb
|d UtOrBLW
|
| 245 |
0 |
4 |
|a The New-York pocket almanack, for the year 1767 :
|b ... Calculated for the use of the province of New-York, and the neighbouring provinces. /
|c By Richard Moore, philo.
|
| 264 |
|
3 |
|a New-York :
|b Printed and sold by Hugh Gaine, in Hanover-Square,
|c [1766]
|
| 300 |
|
|
|a 48 unnumbered pages ;
|c 11 cm. (duodecimo)
|
| 336 |
|
|
|a text
|b txt
|2 rdacontent
|
| 337 |
|
|
|a computer
|b c
|2 rdamedia
|
| 338 |
|
|
|a online resource
|b cr
|2 rdacarrier
|
| 500 |
|
|
|a "Richard Moore" is a pseudonym. The actual calculator was John Nathan Hutchins, the author of Hutchin's [sic] improved, being an almanack ... for 1767, also published by Gaine. The astrological aspects, most weather predictions, and the rising of the sun and moon duplicate those on the calendar pages of Hutchin's improved.
|
| 500 |
|
|
|a Advertised in the New York Mercury, Oct. 20, 1766.
|
| 500 |
|
|
|a Bookseller's advertisement, page [48].
|
| 510 |
4 |
|
|a Evans
|c 10395
|
| 510 |
4 |
|
|a Drake, M. Almanacs,
|c 5781
|
| 530 |
|
|
|a Microform version available in the Readex Early American Imprints series.
|
| 533 |
|
|
|a Electronic text and image data.
|b [Chester, Vt. :
|c Readex, a division of Newsbank, Inc.,
|d 2002-2004.
|e Includes files in TIFF, GIF and PDF formats with inclusion of keyword searchable text.
|f (Early American imprints. First series ; no. 10395).
|
| 500 |
|
|
|a Electronic resource.
|
| 651 |
|
0 |
|a New York (State)
|v Registers.
|
| 655 |
|
7 |
|a Almanacs
|z New York (State)
|y 1767.
|2 rbgenr
|
| 655 |
|
7 |
|a Booksellers' advertisements
|z New York (State)
|z New York.
|2 rbgenr
|
| 655 |
|
7 |
|a Advertisements
|x Stationery.
|2 rbgenr
|
| 700 |
1 |
|
|a Hutchins, John Nathan,
|d 1700 or 1701-1782.
|
| 752 |
|
|
|a United States
|b New York
|d New York.
|
| 830 |
|
0 |
|a Early American imprints.
|n Series I,
|p Evans (1639-1800) ;
|v no. 10395.
|
| 856 |
4 |
1 |
|u http://proxy.library.tamu.edu/login?url=https://opac.newsbank.com/select/evans/10395
|y Evans Digital Edition
|t 0
|
| 999 |
|
|
|a MARS
|
| 999 |
f |
f |
|s d82c0489-2659-3152-8d20-d8730e3698f1
|i 9568a165-75b6-3e37-852b-d949fd49a84a
|t 0
|
| 952 |
f |
f |
|a Texas A&M University
|b College Station
|c Electronic Resources
|s www_evans
|d Available Online
|t 0
|h No information provided
|
| 998 |
f |
f |
|t 0
|l Available Online
|